000 01208nam0a22003851 4500
001 RU\NLR\A1SV\33332
005 20251203171251.9
035 _a(NLR Aleph) 009716746
090 _a9858137
_c9858137
100 _a20000530d1924 u y0rusy50 ca
101 1 _arus
_cnor
102 _aRU
200 1 _aСанатория "Торахус"
_e("Siste kapitel")
_eРоман
_fКнут Гамсун
_gПер. с норв. М.П.Благовещенской
210 _aЛ.
_cА.Ф.Маркс
_d1924
215 _a352 с.
_d19 см
300 _aПер. также под загл.: Последняя глава
620 _dСанкт-Петербург
700 1 _aГамсун
_bК.
_f1859-1952
_gКнут
_4070
702 1 _aБлаговещенская
_bМ. П.
_f1863-не ранее 1953
_gМария Павловна
_4070
801 0 _aRU
_bNLR
_c20000530
852 _aNLR
_jЛ 60 В-3/233
852 _aNLR
_j37.18.3.58
899 _aНБЛ КГУ
899 _aГПИБ
899 _aLatNB
899 _aБАН
899 _aКирОУНБ
899 _aРГБ
899 _aРКП
899 _aНБУВ
899 _aLitNB
942 _cBOOK
980 _aNB
980 _aA1SV